Práva k nehnuteľnostiam, ktoré sa zdaňujú a ich zápis v katastri

Vymedzenie a charakteristika nehnuteľnosti. Evidencia nehnuteľnosti a právne vzťahy k nehnuteľnostiam. Kataster ako informačný systém. Zápis práv k nehnuteľnosti, vlastnícke právo k novovzniknutej veci a spoluvlastnícke právo k nehnuteľnosti. Vyrubenie dane z nehnuteľnosti. Zníženie dane a osloboden...

ver descrição completa

Na minha lista:
Detalhes bibliográficos
Autor principal: Bubeníková, Irena
Formato: Capítulo de Livro
Idioma:eslovaco
Assuntos:
Tags: Adicionar Tag
Sem tags, seja o primeiro a adicionar uma tag!

MARC

LEADER 00000naa a2200000 4500
001 0268585
005 20200923093235.2
041 0 |a slo 
044 |a SK 
245 1 0 |a Práva k nehnuteľnostiam, ktoré sa zdaňujú a ich zápis v katastri  |c Irena Bubeníková 
520 |a Vymedzenie a charakteristika nehnuteľnosti. Evidencia nehnuteľnosti a právne vzťahy k nehnuteľnostiam. Kataster ako informačný systém. Zápis práv k nehnuteľnosti, vlastnícke právo k novovzniknutej veci a spoluvlastnícke právo k nehnuteľnosti. Vyrubenie dane z nehnuteľnosti. Zníženie dane a oslobodenie od dane. 
610 2 0 |a dane miestne 
610 2 0 |a oslobodenie od daní 
610 2 0 |a spoluvlastníctvo 
610 2 0 |a daňovníci 
610 2 0 |a nehnuteľnosti 
610 2 0 |a právo vlastnícke 
610 2 0 |a dane z nehnuteľností 
610 2 0 |a práva majetkové 
610 2 0 |a kataster nehnuteľností 
100 1 |a Bubeníková, Irena